Mutual encompassing and model equivalence
Gespeichert in:
| 1. Verfasser: | |
|---|---|
| Weitere Verfasser: | |
| Format: | Buch |
| Sprache: | Englisch |
| Veröffentlicht: |
San Domenico (FI)
European University Institute
1997
|
| Schriftenreihe: | EUI Working paper ECO
No. 97/17 |
| Schlagworte: | |
| Tags: |
Keine Tags, Fügen Sie das erste Tag hinzu!
|
MARC
| LEADER | 00000nam a2200000 4500 | ||
|---|---|---|---|
| 001 | c133427 | ||
| 005 | 20221124073721.7 | ||
| 041 | 0 | |a eng | |
| 044 | |a IT | ||
| 245 | 1 | 0 | |a Mutual encompassing and model equivalence |c Maozu Lu, Grayham E. Mizon |
| 264 | 1 | |a San Domenico (FI) |b European University Institute |c 1997 | |
| 300 | |a 14 s. | ||
| 490 | 1 | |a EUI Working paper ECO |v No. 97/17 | |
| 830 | 0 | |a EUI Working paper ECO |v No. 97/17 | |
| 610 | 2 | 0 | |a modelovanie |
| 610 | 2 | 0 | |a modely štatistické |
| 610 | 2 | 0 | |a teória modelov ekonomicko-matematických |
| 100 | 1 | |a Lu, Maozu | |
| 700 | 1 | |a Mizon, Grayham E. | |